| 000 | 00384nam a2200145 a 4500 | ||
|---|---|---|---|
| 005 | 20140412111424.0 | ||
| 008 | 080201s19uu xx 00 eng d | ||
| 020 | _a0-375-80028-x | ||
| 050 |
_aER _bWa29 1999 |
||
| 100 | _aMilliron, Kerry | ||
| 245 |
_aWatch out, Jar Jar! / _cKerry Milliron. |
||
| 260 |
_aCanada : _bRandom House, _c1999. |
||
| 440 | _aStar wars 1 | ||
| 999 |
_c106179 _d106179 |
||